| 000 | 00609nam a2200229 a 4500 | ||
|---|---|---|---|
| 003 | AR-BaBNM | ||
| 005 | 20251128203422.0 | ||
| 008 | 082120s2002 ||||||||||||||000 | spa|| | ||
| 040 | _cAR-BaBNM | ||
| 100 | 1 | _aDandolo, Pedro | |
| 245 | 0 | 0 | _aDiccionario español-griego |
| 260 |
_aBuenos Aires _bCeppi _c1943 |
||
| 300 | _a543 p. | ||
| 500 | _aEn la página 539 incluye un apéndice de gramática y de preguntas y expresiones cotidianas | ||
| 650 | 4 | _aDICCIONARIOS | |
| 650 | 4 | _aESPAÑOL | |
| 650 | 4 | _aGRIEGO | |
| 655 | _aREFERENCIA | ||
| 700 | 1 | _aGravanis, Basilio | |
| 942 | _cBK | ||
| 998 | _claura | ||
| 999 |
_c3299 _d3299 |
||